Viper game / Christine Feehan.
GhostWalker Wyatt Fontenot, the subject of a secret military experiment that gave him special catlike abilities, returns home to the bayou and helps the mysterious Le Poivre de Cayenne protect three girls from a deadly enemy.
Record details
- ISBN: 9780515155549
- ISBN: 0515155543
- Physical Description: 433 pages : illustrations ; 18 cm.
- Edition: Jove mass-market edition.
- Publisher: New York : Jove Books, ©2015.
Search for related items by subject
| Subject: | Parapsychologists > Fiction. Bayous > Fiction. |
| Genre: | Paranormal fiction. Romantic suspense fiction. |
Search for related items by series
| LDR | 01357nam a2200349Ii 4500 | ||
|---|---|---|---|
| 001 | 147567 | ||
| 003 | CONS | ||
| 005 | 20180614105257.0 | ||
| 008 | 140710s2015 nyua 000 1 eng d | ||
| 020 | . | ‡a9780515155549 ‡q(paperback) | |
| 020 | . | ‡a0515155543 ‡q(paperback) | |
| 035 | . | ‡a(CPomAG)LMN607077 | |
| 050 | 1 | 4. | ‡aPS3606.E36 ‡bV56 2015b |
| 082 | 0 | 4. | ‡a813/.6 ‡223 |
| 100 | 1 | . | ‡aFeehan, Christine, ‡eauthor. |
| 245 | 1 | 0. | ‡aViper game / ‡cChristine Feehan. |
| 250 | . | ‡aJove mass-market edition. | |
| 264 | 1. | ‡aNew York : ‡bJove Books, ‡c©2015. | |
| 300 | . | ‡a433 pages : ‡billustrations ; ‡c18 cm. | |
| 336 | . | ‡atext ‡btxt ‡2rdacontent | |
| 337 | . | ‡aunmediated ‡bn ‡2rdamedia | |
| 338 | . | ‡avolume ‡bnc ‡2rdacarrier | |
| 490 | 1 | . | ‡aGhostWalker ; ‡v11. |
| 520 | . | ‡aGhostWalker Wyatt Fontenot, the subject of a secret military experiment that gave him special catlike abilities, returns home to the bayou and helps the mysterious Le Poivre de Cayenne protect three girls from a deadly enemy. | |
| 650 | 0. | ‡aParapsychologists ‡vFiction. | |
| 650 | 0. | ‡aBayous ‡vFiction. | |
| 655 | 7. | ‡aParanormal fiction. ‡2lcgft | |
| 655 | 7. | ‡aRomantic suspense fiction. ‡2gsafd | |
| 800 | 1 | . | ‡aFeehan, Christine. ‡tGhostWalker ; ‡v11. |
| 914 | . | ‡aSCP_kt | |
| 959 | . | ‡i32269001067829 ‡lF Fee ‡aAdult - Fiction ‡tFiction ‡g8.00 | |
| 852 | . | ‡p32269001067829 ‡jF Fee ‡gAdult - Fiction ‡cFiction ‡y8.00 ‡bSBPL | |
| 901 | . | ‡a147567 ‡bUnknown ‡c147567 ‡tbiblio | |